00602nam a2200205Ia 4500008004100000020001800041050001400059100002000073245003700093245005300130245007000183260001500253260001600268260000900284300001500293300002700308300001000335440004300345500000800388170918s9999 xx 000 0 und d a9780439579384 bB496 2002 aBerger, Melinda aAre mountains growing tallers? : bquestions and answers about the changing earth / cMelvin Berger and Gilda Berger ; illustrated by Robert Sullivan / aNew York : bScholastic, c2002 a50 pages : bcolored illustration ; c21cm. aScholastic question and answer series. a670